| 000 | 00734na a2200265 4500 | ||
|---|---|---|---|
| 001 | 23137 | ||
| 003 | MIRAKIL | ||
| 005 | 20181213154832.0 | ||
| 008 | 170720b tu 000 0 | ||
| 020 | _a9789753436168 | ||
| 040 |
_aMilas _btur _cTR-AnCHP |
||
| 041 | _atur | ||
| 082 |
_a364.13 _bS35f 2011 |
||
| 090 | _a364.13 S35f 2011 | ||
| 100 | _aSenem, Nusret | ||
| 245 |
_aFethullah ve susurluk _cNusret Senem |
||
| 260 |
_aİstanbul _bKaynak Yayınları _c2011 |
||
| 300 |
_a612 s. _c19 sm. |
||
| 440 |
_akaynak yayınları _n594 |
||
| 650 |
_aGülen cemaati _xİşlenen suçlar |
||
| 650 | _aMilli İstihbarat Teşkilatı (MİT) | ||
| 650 | _aSusurluk sorunu | ||
| 650 |
_aSusurluk olayı _xRaporlar |
||
| 942 |
_2ddc _cBKS |
||
| 999 |
_c1720 _d1720 |
||